Türkiye'de toplumsal ve ekonomik gelişmenin 50 yılı (Record no. 7359)

MARC details
000 -BAŞLIK
Sabit Uzunlukta Kontrol Alanı 00742na a2200205 4500
001 - KONTROL NUMARASI
Denetim Alanı 20473
003 - KONTROL NUMARASI IDENTIFIER
Denetim Alanı MIRAKIL
005 - SON İŞLEM TARİHİ VE ZAMANI
Denetim Alanı 20181213155136.0
008 - SABİT-BOY VERİ ELEMANLARI - GENEL BİLGİLER
Sabit Uzunlukta Kontrol Alanı 170120b tu 000 0
040 ## - KATALOGLAMA KAYNAK
Orijinal Kataloglama Ajansı Milas
Kataloglama Dili tur
Metne Dönüştürmek Ajansı TR-AnCHP
041 ## - DİL KODU
Metin / Ses Parça Veya Ayrı Başlığın Dil Kodu tur
082 ## - DEWEY ONLU SINIFLANDIRMA NUMARASI
Sınıflandırma Numarası 330.9561
Ürün Numarası T96 1973
090 ## - SINIFLAMA NUMARASI
Sınıflama Numarası 330.9561 T96 1973
245 ## - BAŞLIK TABLOSU
Başlık Türkiye'de toplumsal ve ekonomik gelişmenin 50 yılı
Sorumluluk Tablosu, Vb proje sorumlusu Tevfik Çavdar ; editör Melek Düzgüneş
260 ## - YAYIN, DAĞITIM, VB
Yayın, Dağıtım, Vb Yeri Ankara
Yayıncı, Dağıtıcı, Vs Adı Başbakanlık Devlet İstatistik Enstitüsü
Yayın, Dağıtım, Vb Tarihi 1973
Üretici Firma Başbakanlık Devlet İstatistik Enstitüsü matbaası
300 ## - FİZİKSEL TANIM
Kapsam xvııı, 488 s.
Diğer Fiziksel Ayrıntıları tbl.
Boyutlar 24 sm.
440 ## - SERİSİ TABLOSU / KATMA GİRİŞİ - BAŞLIK
Başlık Başbakanlık Devlet İstatistik Enstitüsü
Hacim / Ardışık Tanımı 683
650 ## - KONU KATMA GİRİŞ - TOPİKAL DÖNEM
Topikal Süreli Veya Coğrafi Ad Giriş Elemanı Ekonomi
Genel Alt Bölümü Türkiye
Kronolojik Alt Bölümü Tarih
942 ## - EKLENDİ GİRİŞ ELEMANLARI (KOHA)
Sınıflandırma Veya Raf Düzeni Kaynak
Koha Öğesi Türü Books
999 ## - SİSTEM KONTROL NUMARALARI (KOHA)
Koha Biblionumber 7359
Koha Biblioitemnumber 7359
Holdings
Kalıcı Konum Mevcut Konum Edinme Tarihi Edinim Kaynak Toplam Check-Out'Lar Tam Çağrı Numarası Barkod Tarih Son Görülme İtibaren Geçerli Fiyatlar Koha Öğesi Türü
CHP Kütüphanesi CHP Kütüphanesi 01/20/2017 Bağış   330.9561 T96 1973 012046 01/20/2017 01/20/2017 Books